Statistiques concernant Pays commençant par la lettre L

Cliquez ici pour prendre le quiz!

Statistiques générales

  • Ce quiz a été pris 39 400 fois
  • Le résultat moyen est 7 sur 9

Statistiques - réponses

Pays% Correct
Lituanie
93%
Lettonie
91%
Liban
91%
Laos
80%
Libye
80%
Liberia
75%
Liechtenstein
73%
Lesotho
69%
Luxembourg
69%

Distribution des résultats

Percentile par nombre de réponses

% des personnes avec chaque résultat

Votre développement - résultats

Vous n’avez pas pris ce quiz